La République tchèque en images - Statistiques

Statistiques générales
  • Ce quiz a été pris 131 fois
  • Le résultat moyen est 8 sur 18
Statistiques - réponses
Par images Hint Réponse % Correct
Ville Prague
98%
Ancien Etat Tchécoslovaquie
93%
Entreprise Skoda
91%
Région historique Bohême
60%
Ecrivain Franz Kafka
60%
Monnaie Couronne tchèque
58%
Monument Pont {Charles}
54%
Ville Brno
45%
Savoir-faire Cristal de Bohême
34%
Ville/boisson Plzeň
31%
Evènement Défenestration de Prague
25%
Monument Horloge astronomique
25%
Tenniswoman Martina Navrátilová
24%
Réalisateur Miloš Forman
21%
Fleuve Elbe
20%
Artiste Alfons Mucha
19%
Président Václav Havel
19%
Evènement Insurrection allemande des Sudètes
14%
Aucun quiz correspondant
Distribution des résultats
% des personnes avec chaque résultat
Percentile par nombre de réponses
Votre historique - résultats
Vous n’avez pas pris ce quiz